Well-off inherit £35bn bonanza (Record no. 24013)

MARC details
000 -LEADER
fixed length control field 00697cab a2200241 4500
001 - CONTROL NUMBER
control field WB2929-15
008 - FIXED-LENGTH DATA ELEMENTS--GENERAL INFORMATION
fixed length control field 090401t1993 xxu||||| |||| 00| 0 eng d
035 ## - SYSTEM CONTROL NUMBER
System control number (Sirsi) u37116
041 ## - LANGUAGE CODE
Language code of text/sound track or separate title eng
245 ## - TITLE STATEMENT
Title Well-off inherit £35bn bonanza
260 ## - PUBLICATION, DISTRIBUTION, ETC.
Date of publication, distribution, etc. 1993
350 ## - PRICE (NR) (BK AM CF MU VM SE) [OBSOLETE]
Price 0
490 ## - SERIES STATEMENT
Series statement Sunday Times
Volume/sequential designation 25 July 1993, 7
490 ## - SERIES STATEMENT
Series statement Observer
Volume/sequential designation 25 July 1993, 21(1)
520 ## - SUMMARY, ETC.
Summary, etc. Morgan Grenfell predicts that the value of inherited property will reach £35bn over the next two decades. Graph.
650 ## - SUBJECT ADDED ENTRY--TOPICAL TERM
Topical term or geographic name entry element HOME OWNERSHIP
650 ## - SUBJECT ADDED ENTRY--TOPICAL TERM
Topical term or geographic name entry element INHERITED PROPERTY
650 ## - SUBJECT ADDED ENTRY--TOPICAL TERM
Topical term or geographic name entry element INHERITED WEALTH
650 ## - SUBJECT ADDED ENTRY--TOPICAL TERM
Topical term or geographic name entry element STATISTICS
690 ## - LOCAL SUBJECT ADDED ENTRY--TOPICAL TERM (OCLC, RLIN)
Topical term or geographic name as entry element ECONOMIC AND SOCIAL
942 ## - ADDED ENTRY ELEMENTS (KOHA)
Suppress in OPAC 0
948 ## - LOCAL PROCESSING INFORMATION (OCLC); SERIES PART DESIGNATOR (RLIN)
c (OCLC) 04/03/1997
Holdings
Withdrawn status Lost status Source of classification or shelving scheme Damaged status Not for loan Home library Current library Shelving location Date acquired Total Checkouts Full call number Barcode Date last seen Copy number Price effective from Koha item type
    Dewey Decimal Classification     London London News article 14/09/1999   WB2929-15 37116-1001 06/08/2019 1 06/08/2019 News article